000 00940nam a2200241Ia 4500
003 OSt
005 20220923224119.0
006 a|||||r|||| 00| 0
007 ta
008 220922b |||||||| |||| 00| 0 hin d
024 _a225,770
037 _cTextual
040 _aARTS
_cARTS
_bhin
041 _2hin
_ahin
082 _aO152,6N285x, P4
100 _aइस्सर, देवेन्द्र
245 0 _aस्वपन और स्मृति के बीच
_b बीसवीं सदी के वैचारिक परिदृश्य का अवलोकन
246 _aSvapan aur smṛuti ke bīcha: bīsavīan sadī ke vaichārik paridṛushya kā avalokana
260 _aमुंबई
_b संवाद प्रकाशन
_c2004
300 _a126पृ.
_ccm.
942 _hO152,6N285x, P4
_cTEXL
_2CC
999 _c369327
_d369327